01181nam a2200349Ia 450000500170000000800410001702000180005804100080007610000280008424500780011225000180019030000250020849000140023350000450024753400240029265000380031665000420035465000490039665000380044565000370048365000350052065000320055570000480058794200150063526400320065033600270068233700330070933800280074204000350077008400110080599900150081620220317001811.0170328s2010 s g 000 f s  a9788499080291 aspa1 aAusten, Janed1775-181710aSentido y sensibilidadcJane Austen ; traducción de Ana Ma. Rodríguez a2a. edición a368 páginasc19 cm aClásica aIncluye datos biográficos de la autora tSense & sensibility142LEMBaNovela inglesaySiglo XVIII142LEMBaLiteratura inglesaySiglo XVIII142LEMBaRelaciones de familia en la literatura142LEMBaMatrimonio en la literatura142LEMBaFelicidad en la literatura142LEMBaMujeres en la literatura142LEMBaAmor en la literatura1 aRodríguez, Ana Maríaetraductora991070 2loccBKLIT aBarcelonabDebolsilloc2010 atextobtxt2rdacontent asin mediaciónbn2rdamedia avolumenbnc2rdacarrier aCO-BoRNBPbspaerdacCO-BoRNBP aN AUS1 c8141d8141